000
00242nam a22001097a 4500
008
170126b xxu||||| |||| 00| 0 eng d
020
_a
9781601514158
041
_a
eng
080
_a
61
245
_a
HCPCS LEVEL II
_c
GABBERT, W
942
_2
udc
_c
BK
999
_c
3758
_d
3758